Przystanki autobusów 62 - Statystyki

Ogólne statystyki
  • Ten quiz został rozwiązany 2 razy
  • Średni wynik to 5 z 20
Statystyki odpowiedzi
% Poprawnych
1 Plac Zwycięstwa
100%
2 Plac Zwycięstwa
100%
4 Plac Zwycięstwa
100%
20 Ustowo Auchan
100%
15 Cmentarz Zachodni
50%
9 Mieszka I
50%
10 Białowieska
0%
16 Cukrowa
0%
13 Krakowska Uniwersytet
0%
3 Krzywoustego
0%
6 Narutowicza
0%
19 Ogrody Górki Ustowskie
0%
14 Ogrody Malwa
0%
5 Plac Kościószki
0%
8 Plac Szyrodzkiego
0%
18 Południowa
0%
17 Radomska
0%
12 Reda
0%
7 Szwoleżerów
0%
11 Wierzbowa
0%
Nie znaleziono quizów pasujących do podanych kryteriów
Rozkład punktacji
Procent ludzi z każdym wynikiem
Percentyl według liczby udzielonych odpowiedzi
Twoja historia wyników
Nie rozwiązałeś tego quizu